000 01534nam a22001937a 4500
008 210622b ||||| |||| 00| 0 eng d
020 _a0830827471 (pbk. : alk. paper)
020 _a9780830827473 (pbk. : alk. paper)
050 _aBT751.3
_b.T54 2004
100 _aTiessen, Terrance L., 1944-
245 _aWho can be saved? :
_breassessing salvation in Christ and world religions /
_cTerrance L. Tiessen.
260 _aDowners Grove, Ill. :
_bInterVarsity Press,
_c2004.
300 _a511 p. ;
_c23 cm.
500 _aIncludes bibliographical references and indexes.
505 _a|tWhere are we going? --|tWhat are the options? --|tIs accessibilism a new idea? --|tHow does God save people? -- |tWho needs to be saved? --|tWhom is God trying to save? - -|tTo whom does God reveal himself? --|tBy what standard are people judged? --|tCan people be saved if they only have general revelation? --|tWhat about the saved who did not believe in Jesus? --|tCan infants be saved? --|tWho is able to believe? --|tWhy should we send missionaries? -- |tHow do the religions fit into God's purposes in the world? --|tHow do religions come into being? --|tHow did the covenant people relate to other religions? --|tIs there revelation in other religions? --|tIs there salvation in other religions? --|tShould we participate in interreligious dialogue? --|tShould we cooperate in interreligious activities? --|tConcluding reflections.
650 _aSalvation.
650 _aSalvation outside the church.
942 _2lcc
_cBK
999 _c56364
_d56364